| 000 | 00489nam a2200145Ia 4500 | ||
|---|---|---|---|
| 008 | 170221s9999 xx 000 0 und d | ||
| 100 | _aDavid Fehr | ||
| 245 | _aDominated assets, the expected utility maxim, and mean-variance portfolio selection | ||
| 245 | _cDavid Fehr, Southern New Hampshire University. | ||
| 260 | _bJournal of Management and Marketing Research | ||
| 260 | _c2014 | ||
| 300 | _a3 : 6 | ||
| 650 | _xBusiness | ||
| 856 | _uhttp://www.aabri.com/manuscripts/131606.pdf | ||
| 999 |
_c313268 _d313268 |
||